NFL Pro Bowl Defensive Ends 2020s - Statistics

General Stats
  • This quiz has been taken 213 times
    44 since last reset
  • The average score is 36 of 42
Answer Stats
Year Team Player % Correct
2025 Raiders Maxx Crosby
100%
2024 Raiders Maxx Crosby
100%
2023 Raiders Maxx Crosby
100%
2022 Raiders Maxx Crosby
100%
2021 Raiders Maxx Crosby
100%
2025 Packers Micah Parsons
100%
2024 Cowboys Micah Parsons
100%
2025 Browns Myles Garrett
100%
2024 Browns Myles Garrett
100%
2023 Browns Myles Garrett
100%
2022 Browns Myles Garrett
100%
2021 Browns Myles Garrett
100%
2020 Browns Myles Garrett
100%
2024 Bengals Trey Hendrickson
100%
2023 Bengals Trey Hendrickson
100%
2022 Bengals Trey Hendrickson
100%
2021 Bengals Trey Hendrickson
100%
2020 Chargers Joey Bosa
98%
2024 49ers Nick Bosa
98%
2023 49ers Nick Bosa
98%
2022 49ers Nick Bosa
98%
2021 49ers Nick Bosa
98%
2025 Lions Aidan Hutchinson
95%
2023 Lions Aidan Hutchinson
95%
2025 Texans Will Anderson Jr.
90%
2023 Texans Will Anderson Jr.
90%
2022 Saints Cameron Jordan
88%
2021 Saints Cameron Jordan
88%
2020 Saints Cameron Jordan
88%
2024 Texans Danielle Hunter
88%
2025 Seahwks DeMarcus Lawrence
78%
2023 Cowboys DeMarcus Lawrence
78%
2022 Cowboys DeMarcus Lawrence
78%
2024 Packers Rashan Gary
75%
2021 Eagles Josh Sweat
68%
2023 Commanders/Bears Montez Sweat
68%
2020 Commanders Chase Young
60%
2022 Panthers Brian Burns
58%
2021 Panthers Brian Burns
58%
2020 Eagles Brandon Graham
45%
2021 Chiefs Frank Clark
30%
2020 Chiefs Frank Clark
30%
No matching quizzes found
Score Distribution
Percent of People with Each Score
Percentile by Number Answered
Your Score History
You have not taken this quiz since the last reset